Vista normal
Vista MARC
Entrada Término de materia
Número de registros utilizados en: 9
001 - NÚMERO DE CONTROL
- Campo de control: 29393
003 - IDENTIFICADOR DE NÚMERO DE CONTROL
- Campo de control: ES-MaCES
005 - FECHA Y HORA DE LA ULTIMA MODIFICACION
- Campo de control: 19981120142300.0
008 - ELEMENTOS DE DATOS DE LONGITUD FIJA
- Campo de longitud fija: 981120 | azznnbabn || ana d
035 ## - NÚMERO DE CONTROL DEL SISTEMA
- Número de control del sistema: (ILOT)1420
035 ## - NÚMERO DE CONTROL DEL SISTEMA
- Número de control del sistema: CES19980029506s
040 ## - FUENTE DE LA CATALOGACIÓN
- Agencia original de catalogación: ES-MaCES
- Idioma de catalogación: spa
- Agencia de transcripción: ES-MaCES
072 #7 - CÓDIGO DE CATEGORIA DE MATERIA
- Código de categoría temática: 05.07.1
- Fuente del código: ilot
150 ## - ENCABEZAMIENTO--MATERIA
- Término de materia o geográfico como elemento de entrada: censura
550 ## - TRAZADO VEÁSE ADEMÁS--MATERIA
- Término de materia o nombre geográfica como elemento de entrada: comunicación
550 ## - TRAZADO VEÁSE ADEMÁS--MATERIA
- Término de materia o nombre geográfica como elemento de entrada: libertad de palabra
750 #7 - ENTRADA DE ENLACE DE ENCABEZAMIENTO ESTABLECIDO--MATERIA
- Término de materia o nombre geográfico como elemento de entrada: censorship
- Fuente del encabezamiento o término: ilot
750 #7 - ENTRADA DE ENLACE DE ENCABEZAMIENTO ESTABLECIDO--MATERIA
- Término de materia o nombre geográfico como elemento de entrada: censure
- Fuente del encabezamiento o término: tbit
901 ## - CES. DATOS SIRTEX
- ID Sirtex (N5N8): 0007700002950
- 005BIS Sirtex: 199811201423BATCH
903 ## - CES. DATOS ATES
- Fecha de incorporación 1978: 05/04/78

